|
|
|
|
| LEADER |
01103nab#a2200313#ar4500 |
| 001 |
000074801 |
| 003 |
SVKKK |
| 005 |
20050419xxxxxxx. |
| 008 |
06 c xo huno |
| FMT |
|
|
|
| 038 |
|
|
|a SVKKK
|
| 040 |
|
|
|a SVKKK
|b slo
|e AACR2
|
| 041 |
0 |
|
|a hun
|
| 044 |
|
|
|a xo
|c SK
|
| 080 |
|
|
|a 656-051
|
| 242 |
1 |
0 |
|a Súdna stolica zastavila rokovanie vo veci vedúceho pošty v Sátoralajujhely
|
| 245 |
0 |
0 |
|a A sátoraljaujhely póstafőnök felmentését helybenhagyta az itélőtábla
|
| 500 |
|
|
|a mikrofilm
|
| 520 |
2 |
|
|a Správa o tom, že v celej miere oslobodila košická súdna stolica vedúceho pošty yo Sátoraljaujhely (HU) Alfréda Gerő. Menovaný bol žalovaný pre úplatkárstvo.
|
| 650 |
0 |
4 |
|a Gerő, Alfréd (vedúci pošty) - Sátoraljaujhely (HU) - súdna stolica, Košice - oslobodenie v celej miere - Košice - jún 1918 - správy
|
| 773 |
0 |
|
|t Felvidéki Hirlap
|g Roč. 12, č. 17 (09.06.1918) s. 3
|
| 957 |
|
|
|a Košice
|
| 957 |
|
|
|a Sátoraljaujhely (HU)
|
| 958 |
|
|
|a DG
|
| 958 |
|
|
|a SK
|
| 974 |
|
|
|a Ba
|d 20050419
|
| 992 |
|
|
|a RBX
|
| BAS |
|
|
|
| 998 |
|
|
|a RETRO
|